000
00273nam a2200109Ia 4500
008
220204s9999 xx 000 0 und d
082
_a
82-312.4
_b
BER;1
100
_a
BERLITZ, Charles
245
0
_a
Without a trace
260
_a
New York
_b
Ballantine Books
_c
1977
942
_c
BK
999
_c
30962
_d
30962